|
|
|
|
| LEADER |
01100nam a2200289 a 4500 |
| 001 |
16775045 |
| 003 |
BD-DhAAL |
| 008 |
120806s2012 enk b 001 0 eng d |
| 010 |
|
|
|a 2011020604
|
| 020 |
|
|
|a 9780470657324 (pbk. : alk. paper)
|
| 040 |
|
|
|a DLC
|c DLC
|d BD-DhAAL
|
| 082 |
0 |
0 |
|a 304.2
|2 23
|
| 100 |
1 |
|
|a Robbins, Paul,
|d 1967-
|9 53556
|
| 245 |
1 |
0 |
|a Political ecology :
|b a critical introduction /
|c Paul Robbins.
|
| 250 |
|
|
|a 2nd ed.
|
| 260 |
|
|
|a Chichester, West Sussex ;
|a Malden, MA :
|b J. Wiley & Sons,
|c 2012.
|
| 263 |
|
|
|a 1111
|
| 300 |
|
|
|a ix, 288 p. :
|b ill. ;
|c 26 cm.
|
| 490 |
1 |
|
|a Critical introductions to geography
|
| 504 |
|
|
|a Includes bibliographical references (p. [254]-276)and index.
|
| 541 |
|
|
|a 00025808
|
| 650 |
|
0 |
|a Political ecology.
|
| 830 |
|
|
|a Critical introductions to geography
|9 53557
|
| 852 |
1 |
|
|a Ayesha Abed Library
|j General shelf
|
| 942 |
|
|
|2 ddc
|c BK
|
| 999 |
|
|
|c 12735
|d 12735
|
| 952 |
|
|
|0 0
|1 0
|2 ddc
|4 0
|6 304_200000000000000_ROB
|7 0
|9 20991
|a IGS
|b IGS
|c GEN
|d 2012-08-06
|e Karim International
|g 3080.00
|l 1
|m 4
|o 304.2 ROB
|p 3010025808
|r 2014-06-09
|s 2012-12-19
|t 1
|w 2012-08-06
|y BK
|